| 000 | 00000nam##2200000za#4500 |
| 001 | 9.608207 |
| 003 | CaOODSP |
| 005 | 20210624213518 |
| 007 | cr ||||||||||| |
| 008 | 150406|2005||||xxc|||||o f|0| 0 fre|d |
| 040 | |aCaOODSP|bfre |
| 043 | |an-cn--- |
| 086 | 1 |aSC102-2/17-2005F-MP3 |
| 110 | 2 |aÉcole de la fonction publique du Canada. |
| 245 | 10|aS'informer ou informer de la présence ou de la disponibilité de personnes ou de choses. Fichier audio |h[ressource électronique] |
| 246 | 1 |iTitre additionnel (dans la publication) : |aAuto-évaluation - Activités orales : Objectif de formation 17 |
| 260 | |aOttawa - Ontario : |bÉcole de la fonction publique du Canada |
| 300 | |aDurée : 00:25:47 |
| 490 | 1 |aProgramme de français langue seconde - Niveaux A et B. Fichier audio |vObjectif de formation 17, 2005 |
| 500 | |aTitre de l'édition imprimée et du catalogueur. Fichiers audio qui accompagnent la version imprimée (SC102-2/17-2005F) et électronique (SC102-2/17-2005F-PDF) de ce titre. Comprend des activités de mise en train et de performance d'auto-évaluation orale. |
| 590 | |a15-01-Supp|b2015-01-26 |
| 590 | |a14-52-Supp|b2014-08-22 |
| 830 | #0|aProgramme de français langue seconde - Niveaux A et B. Fichier audio ;|vObjectif de formation 17, 2005|w(CaOODSP)9.504304 |
| 856 | 40|ahttp://publications.gc.ca|qMP3|s4845 Ko|uhttps://publications.gc.ca/collections/collection_2015/efpc-csps/SC102-2-17-1p-2005-fra.mp3 |
| 856 | 40|ahttp://publications.gc.ca|qMP3|s8670 Ko|uhttps://publications.gc.ca/collections/collection_2015/efpc-csps/SC102-2-17-2m-2005-fra.mp3 |
| 856 | 40|ahttp://publications.gc.ca|qMP3|s3203 Ko|uhttps://publications.gc.ca/collections/collection_2015/efpc-csps/SC102-2-17-2p-2005-fra.mp3 |
| 856 | 40|ahttp://publications.gc.ca|qMP3|s7321 Ko|uhttps://publications.gc.ca/collections/collection_2015/efpc-csps/SC102-2-17-3m-2005-fra.mp3 |
| 856 | 40|ahttp://publications.gc.ca|qMP3|s14,353 Ko|uhttps://publications.gc.ca/collections/collection_2015/efpc-csps/SC102-2-17-1m-2005-fra.mp3 |
| 856 | 40|ahttp://publications.gc.ca|qMP3|s2654 Ko|uhttps://publications.gc.ca/collections/collection_2015/efpc-csps/SC102-2-17-3p-2005-fra.mp3 |
| 856 | 40|ahttp://publications.gc.ca|qMP3|s5.25 Mo|uhttps://publications.gc.ca/collections/collection_2015/efpc-csps/SC102-2-17-10-2005-fra.mp3 |
| 856 | 40|ahttp://publications.gc.ca|qMP3|s3.26 Mo|uhttps://publications.gc.ca/collections/collection_2015/efpc-csps/SC102-2-17-5-2005-fra.mp3|yObjectif de formation 17, 2005 |